Glee Songs - Statistics

General Stats
  • This quiz has been taken 602 times
  • The average score is 20 of 34
Answer Stats
Hint Answer % Correct
If I Die Young Santana Lopez
98%
Jessie's Girl Finn Hudson
94%
Cough Syrup Blaine Anderson
90%
I Will Always Love You Mercedes Jones
86%
It's A Man's World Quinn Fabray
84%
Cry Rachel Berry
84%
School's Out Noah Puckerman
83%
I Have Nothing Kurt Hummel
82%
Copacobana Sam Evans
75%
Pony Artie Abrams
71%
Let Me Love You (Until You Learn To Love Yourself) Jake Puckerman
70%
Chasing Pavements Marley Rose
70%
Little Girls Sue Sylvester
69%
Because You Loved Me Tina Cohen Chang
67%
Wishin' And Hoping Brittany Pierce
66%
Cool Mike Chang
65%
Look At Me I'm Sandra Dee Kitty Wilde
61%
Boogie Shoes Wade Adams
59%
Teach Your Children Will Schuester
59%
I Could Have Danced All Night Emma Pillsbury
58%
Hey, Big Spender Sugar Motta
56%
I Know What Boys Like Lauren Zizes
49%
Highway To Hell Jesse St James
48%
Your Song Ryder Lynn
45%
Americano/Dance Again Cassandra July
43%
Turning Tables Holly Holliday
38%
Listen Sunshine Corazon
31%
Home (The Wiz) April Rhodes
29%
Tightrope Jane Hayward
24%
I Want To Break Free Mason McCarthy
24%
Father Figure Roderick
24%
Home Rory Flanagan
23%
Anything Goes/Anything You Can Do Harmony
18%
Whatever Happened To Saturday Night? Carl Howell
17%
No matching quizzes found
Score Distribution
Percent of People with Each Score
Percentile by Number Answered
Your Score History
You have not taken this quiz